Database systems : (Record no. 186194)
[ view plain ]
| 000 -LEADER | |
|---|---|
| fixed length control field | 00939nam a2200265Ia 4500 |
| 005 - DATE AND TIME OF LATEST TRANSACTION | |
| control field | 20241114153421.0 |
| 008 - FIXED-LENGTH DATA ELEMENTS--GENERAL INFORMATION | |
| fixed length control field | 210716s2002 xx 000 0 und d |
| 020 ## - INTERNATIONAL STANDARD BOOK NUMBER | |
| International Standard Book Number | 9780201708578 |
| 040 ## - CATALOGING SOURCE | |
| Transcribing agency | AIMIT LIBRARY |
| 041 ## - LANGUAGE CODE | |
| Language code of text/sound track or separate title | eng |
| 082 ## - DEWEY DECIMAL CLASSIFICATION NUMBER | |
| Classification number | 005.74 |
| Edition number | 3 |
| Item number | CONT |
| 100 ## - MAIN ENTRY--PERSONAL NAME | |
| Personal name | Connolly, Thomas M. |
| 9 (RLIN) | 47040 |
| 245 ## - TITLE STATEMENT | |
| Title | Database systems : |
| Remainder of title | a practical approach to design implementation and management / |
| Statement of responsibility, etc. | By Thomas Connolly and Carolyn Begg. |
| 250 ## - EDITION STATEMENT | |
| Edition statement | 3rd ed. |
| 260 ## - PUBLICATION, DISTRIBUTION, ETC. | |
| Place of publication, distribution, etc. | New Delhi : |
| Name of publisher, distributor, etc. | Pearson Education , |
| Date of publication, distribution, etc. | 2002 . |
| 300 ## - PHYSICAL DESCRIPTION | |
| Extent | xlix, 1236p. ; |
| Other physical details | PB |
| Dimensions | 23 cm. |
| 650 ## - SUBJECT ADDED ENTRY--TOPICAL TERM | |
| Topical term or geographic name entry element | Database analysis and design techniques |
| 9 (RLIN) | 47041 |
| 650 ## - SUBJECT ADDED ENTRY--TOPICAL TERM | |
| Topical term or geographic name entry element | Relational model and languages |
| 9 (RLIN) | 185424 |
| 650 ## - SUBJECT ADDED ENTRY--TOPICAL TERM | |
| Topical term or geographic name entry element | Methodology |
| 9 (RLIN) | 185425 |
| 650 ## - SUBJECT ADDED ENTRY--TOPICAL TERM | |
| Topical term or geographic name entry element | Selected database issues |
| 9 (RLIN) | 185426 |
| 650 ## - SUBJECT ADDED ENTRY--TOPICAL TERM | |
| Topical term or geographic name entry element | Emerging trends |
| 9 (RLIN) | 185427 |
| 650 ## - SUBJECT ADDED ENTRY--TOPICAL TERM | |
| Topical term or geographic name entry element | Estimating disk space requirements |
| 9 (RLIN) | 47042 |
| 700 ## - ADDED ENTRY--PERSONAL NAME | |
| Personal name | Begg, Carolyn E. |
| 9 (RLIN) | 47043 |
| 942 ## - ADDED ENTRY ELEMENTS (KOHA) | |
| Source of classification or shelving scheme | Dewey Decimal Classification |
| Koha item type | Book |
| Edition | 3rd |
| Call number prefix | 005.74 CONT |
| Withdrawn status | Lost status | Source of classification or shelving scheme | Damaged status | Not for loan | Collection code | Home library | Current library | Source of acquisition | Cost, normal purchase price | Inventory number | Total Checkouts | Full call number | Barcode | Date last seen | Cost, replacement price | Price effective from | Koha item type | Date acquired | Date last checked out |
|---|---|---|---|---|---|---|---|---|---|---|---|---|---|---|---|---|---|---|---|
| Dewey Decimal Classification | MCA | St Aloysius Institute of Management & Information Technology | St Aloysius Institute of Management & Information Technology | Info Book Distributors | 395.00 | Bill no:4185; Bill dt:2004-01-20 | 005.74 CONT | MCA05702 | 05/23/2026 | 316.00 | 07/16/2021 | Book | |||||||
| Dewey Decimal Classification | MCA | St Aloysius Institute of Management & Information Technology | St Aloysius Institute of Management & Information Technology | 005.74 CONT | MCA08142 | 05/23/2026 | 07/16/2021 | Book | 07/16/2021 | ||||||||||
| Dewey Decimal Classification | MCA | St Aloysius Institute of Management & Information Technology | St Aloysius Institute of Management & Information Technology | 1 | 005.74 CONT | MCA08709 | 05/23/2026 | 07/16/2021 | Book | 01/02/2024 |